| 000 | 00424nam a22001697a 4500 | ||
|---|---|---|---|
| 003 | NUST - PNEC | ||
| 005 | 20170116181128.0 | ||
| 008 | 151006b xxu||||| |||| 00| 0 eng d | ||
| 020 | _a0705408590 | ||
| 040 | _cLIBRARY | ||
| 082 | _a971 TUL | ||
| 100 |
_913779 _aTulleken, Kit van |
||
| 245 |
_aCanada: _bLibrary of Nations _cKit van Tulleken |
||
| 260 | _cc1987 | ||
| 650 |
_913780 _aCanada _xGeneral |
||
| 942 |
_2ddc _cBK |
||
| 999 |
_c69827 _d69827 |
||